Catálogo
 En Linea

El juego, el juguete en la educación infantil / (Registro nro. 45035)

Detalles MARC
000 -CABECERA
campo de control de longitud fija 01574nam a2200205 a 4500
001 - NÚMERO DE CONTROL
campo de control 000045546
005 - FECHA Y HORA DE LA ÚLTIMA TRANSACCIÓN
campo de control 20201002052316.0
008 - DATOS DE LONGITUD FIJA--INFORMACIÓN GENERAL
campo de control de longitud fija 150414s2004 dr a 000 0 spa d
020 ## - NÚMERO INTERNACIONAL ESTÁNDAR DEL LIBRO
Número Internacional Estándar del Libro 9945405055
040 ## - FUENTE DE LA CATALOGACIÓN
Centro catalogador/agencia de origen DO-SdBNP
Lengua de catalogación spa
Centro/agencia transcriptor BNPHU
082 ## - NÚMERO DE LA CLASIFICACIÓN DECIMAL DEWEY
Número de clasificación xxxx
Número de documento/Ítem xxxx
100 1# - ENTRADA PRINCIPAL--NOMBRE DE PERSONA
Nombre de persona Almánzar Rodríguez, Luis
9 (RLIN) 73606
245 13 - MENCIÓN DE TÍTULO
Título El juego, el juguete en la educación infantil /
Mención de responsabilidad, etc. adaptación Luis Almánzar Rodríguez ; ilustración Liubov Balanutsa de Javier.
260 ## - PUBLICACIÓN, DISTRIBUCIÓN, ETC.
Lugar de publicación, distribución, etc. Santo Domingo :
Nombre del editor, distribuidor, etc. Manatí,
-- CAJIR,
Fecha de publicación, distribución, etc. 2004.
300 ## - DESCRIPCIÓN FÍSICA
Extensión xiii, 165 p. :
Otras características físicas il. ;
Dimensiones 24 cm.
504 ## - NOTA DE BIBLIOGRAFÍA, ETC.
Nota de bibliografía, etc. Incluye bibliografías
505 0# - NOTA DE CONTENIDO CON FORMATO
Información miscelánea Capítulo l
Nota de contenido con formato La actitud del educador en la educación a través del juego --
Información miscelánea Capítulo ll
Título Un modelo lúdico de intervención psicoeducativa para la educación infantil --
Información miscelánea Capítulo lll
Título El juego como instrumentode socialización --
Información miscelánea Capítulo lV
Título Una propuesta psicopedagógica del juego para la educación infantil --
Información miscelánea Capítulo V
Título El juego y el juguete en los temas transversales --
Información miscelánea Capítulo Vl
Título Aplicaciones didácticas del juguete educativo en el proyecto cocurricular --
Información miscelánea Capítulo Vll
Título Juego con lenguaje: El humor y el juego fomentan el ingenio y la creatividad --
Información miscelánea Capítulo Vlll
Título La integración por el juego desde una lúdoteca --
Información miscelánea Capítulo lX
Título Compartiendo experiencias. La educación para la solidaridad como programa transversal en una lúdoteca --
Información miscelánea Capítulo X
Título Juegos cooperativos para construir valores --
700 12 - PUNTO DE ACCESO ADICIONAL--NOMBRE DE PERSONA
Nombre de persona Balanutsa de Javier, Liubov,
Término indicativo de función/relación il.
9 (RLIN) 73607
710 22 - PUNTO DE ACCESO ADICIONAL--NOMBRE DE ENTIDAD CORPORATIVA
Nombre de entidad corporativa o nombre de jurisdicción como elemento de entrada El Consejo Asesor Internacional de la Juventud Rural (CAJIR)
9 (RLIN) 73608
Existencias
Estado de retiro Estado de pérdida No para préstamo Código de colección Localización permanente Ubicación/localización actual Ubicación en estantería Fecha de adquisición Número de inventario Total de préstamos Signatura topográfica completa Código de barras Fecha visto por última vez Precio válido a partir de Tipo de ítem Koha
    Excluido de préstamo Patrimonio Dominicano Patrimonio Dominicano Patrimonio Dominicano En catalogación 14.04.2015 LF1   xxxx xxxx 45546-10 25.06.2020 25.06.2020 Libro y Folleto Colección Patrimonio Dominicano

Con tecnología Koha